Loading...
Research methods in marketing and management
| Main Authors: | , |
|---|---|
| Format: | Printed Book |
| Udgivet: |
New Delhi, Tata M C Graw Hill
1984
|
| Fag: |
| LEADER | 005310000a22001690004500 | ||
|---|---|---|---|
| 041 | |a en | ||
| 082 | |a 658.403 4 M4 | ||
| 100 | |a Groeneveld, Leonard | ||
| 100 | |a Sethna, Beheruz N | ||
| 245 | |a Research methods in marketing and management | ||
| 260 | |a New Delhi, Tata M C Graw Hill | ||
| 260 | |c 1984 | ||
| 650 | |a Management | ||
| 650 | |a Marketing Research Function | ||
| 942 | |c BK | ||
| 999 | |c 150702 |d 150698 | ||
| 952 | |0 0 |1 0 |4 0 |6 658_403000000000000_4_M4 |7 0 |9 149528 |a SCK |b SCK |d 2017-10-23 |l 0 |o 658.403 4 M4 |p SCK02156 |r 2017-10-23 |w 2017-10-23 |y BK | ||